ბათუმის შოთა რუსთაველის სახელმწიფო უნივერსიტეტის ბიბლიოთეკა

Металлические конструкции. (ბიბ.ჩანაწერი № 42755)

000 -LEADER
fixed length control field 00742nam a2200241Ia 4500
001 - CONTROL NUMBER
control field 9461
003 - CONTROL NUMBER IDENTIFIER
control field GE_BSU
008 - FIXED-LENGTH DATA ELEMENTS--GENERAL INFORMATION
fixed length control field 181216s||||||||xx |||||||||||||| ||und||
040 ## - CATALOGING SOURCE
Transcribing agency GE_BSU
080 ## - UNIVERSAL DECIMAL CLASSIFICATION NUMBER
Universal Decimal Classification number 624.014(075.8)
100 ## - MAIN ENTRY--PERSONAL NAME
Personal name Беленя,Е.И. А.Н.Генцев и др.
245 ## - TITLE STATEMENT
Title Металлические конструкции.
245 ## - TITLE STATEMENT
Remainder of title Учебн.
245 ## - TITLE STATEMENT
Statement of responsibility, etc. Под общ. ред. Е.И.Беленя.
250 ## - EDITION STATEMENT
Edition statement Изд. 5-е, перераб. и доп.
260 ## - PUBLICATION, DISTRIBUTION, ETC.
Place of publication, distribution, etc. М.
260 ## - PUBLICATION, DISTRIBUTION, ETC.
Name of publisher, distributor, etc. Стройиздат.
260 ## - PUBLICATION, DISTRIBUTION, ETC.
Date of publication, distribution, etc. 1976.
300 ## - PHYSICAL DESCRIPTION
Extent 600 стр. с илл. 27 см.
300 ## - PHYSICAL DESCRIPTION
Accompanying material Приложения: стр.576-595.
653 ## - INDEX TERM--UNCONTROLLED
Uncontrolled term Металлические конструкции.
942 ## - ADDED ENTRY ELEMENTS (KOHA)
Koha item type წიგნი
ეგზემპლარები
Withdrawn status Lost status Damaged status Not for loan Date acquired Barcode Date last seen Price effective from Koha item type
        2018-12-17 11578 2018-12-17 2018-12-17 წიგნი
        2018-12-17 11579 2018-12-17 2018-12-17 წიგნი